| 000 | 01015cam a2200337Ia 4500 | ||
|---|---|---|---|
| 001 | 80838 | ||
| 005 | 20230411085557.0 | ||
| 008 | 091023s2009 sp a 000 0 spa d | ||
| 035 | _a(OCoLC)ocn458579497 | ||
| 040 |
_aXVF _bspa _cXVF |
||
| 020 | _a8496743977 | ||
| 020 | _a9788496743977 | ||
| 035 | _a(OCoLC)458579497 | ||
| 049 | _aGRAL | ||
| 050 | 1 | 4 |
_aTK 1087 _bM538e 2009 |
| 082 | 0 | 0 | _a621.47 |
| 100 | 1 | _aMendez Muniz, Javier Maria. | |
| 245 | 1 | 0 |
_aEnergia solar fotovoltaica / _cJavier María Méndez Muñiz, Rafael Cuervo García, Bureau Veritas Formación. |
| 250 | _a4a ed. | ||
| 260 |
_aMadrid : _bFundacion Confemetal, _c[2009] |
||
| 300 |
_a308 p. : _bil. ; _c23 cm. + _e1 CD-ROM (8 cm.) |
||
| 650 | 0 | _aPhotovoltaic power generation. | |
| 650 | 0 | _aPhotovoltaic power systems. | |
| 650 | 4 | _aEnergía solar. | |
| 650 | 4 | _aEnergía fotovoltáica. | |
| 700 | 1 | _aCuervo Garcia, Rafael. | |
| 710 | 2 | _aBureau Veritas Formacion. | |
| 942 |
_2lcc _cbk |
||
| 994 |
_aC0 _bDRFGD |
||
| 946 | _aMF | ||
| 999 |
_c104040 _d104040 |
||